Ceny - citlivý barometer tvorby finančných zdrojov a podnikania

Pôsobenie cien v trhovom hospodárstve. Účinnosť zákona č. 18/1996 Z.z. o cenách a novej legislatívy v oblasti cien. Právomoc subjektov podnikania pri určovaní cien. Podstata a zmysel uplatňovania cenového systému. Význam cien v podnikaní. Pravidlá tvorby trhových cien. Dohodovanie cien. Obsah náklad...

Description complète

Enregistré dans:
Détails bibliographiques
Auteur principal: Oláh, Michal
Format: Livre
Langue:slovaque
Sujets:
Tags: Ajouter un tag
Pas de tags, Soyez le premier à ajouter un tag!

MARC

LEADER 00000nam a2200000 4500
001 r030798
005 20230809081209.1
041 0 |a slo 
044 |a SK 
245 1 0 |a Ceny - citlivý barometer tvorby finančných zdrojov a podnikania  |c Michal Oláh 
520 |a Pôsobenie cien v trhovom hospodárstve. Účinnosť zákona č. 18/1996 Z.z. o cenách a novej legislatívy v oblasti cien. Právomoc subjektov podnikania pri určovaní cien. Podstata a zmysel uplatňovania cenového systému. Význam cien v podnikaní. Pravidlá tvorby trhových cien. Dohodovanie cien. Obsah nákladov v kalkulovaní cien. Dosahovanie zisku ako dôležitej súčasti ceny. 
610 2 0 |a ceny 
610 2 0 |a tvorba cien 
610 2 0 |a legislatíva 
610 2 0 |a hospodárstvo trhové 
610 2 0 |a podnikanie 
610 2 0 |a zdroje finančné 
610 2 0 |a politika cenová 
610 2 0 |a ceny trhové 
610 2 0 |a predpisy cenové 
610 2 0 |a ceny voľné 
100 1 |a Oláh, Michal